Phân loại và phương pháp giải bài tập Vật lý đại cương. Phần Tĩnh điện Khóa luận tốt nghiệp : Ngành Sư phạm Lý : Trình độ : Cao đẳng

Đã lưu trong:
書目詳細資料
主要作者: Đinh, Văn Hoàng
其他作者: Lương, Văn Tùng (hướng dẫn)
格式: Luận văn 工具包 圖書
語言:Vietnamese
出版: Đồng Tháp Trường Cao đẳng Sư phạm Đồng Tháp 1999
主題:
標簽: 添加標簽
沒有標簽, 成為第一個標記此記錄!
Thư viện lưu trữ: Trung tâm Học liệu Lê Vũ Hùng, Trường Đại học Đồng Tháp
LEADER 01235ppm a22003138a 4500
001 00027159
005 20171026081025.0
008 111010s1999 ||||||viesd
041 0 # |a vie 
082 1 4 |b PH121L  |a 537 
100 1 # |a Đinh, Văn Hoàng 
245 1 0 |b Khóa luận tốt nghiệp : Ngành Sư phạm Lý : Trình độ : Cao đẳng  |c Đinh Văn Hoàng; Lương Văn Tùng hướng dẫn  |a Phân loại và phương pháp giải bài tập Vật lý đại cương. Phần Tĩnh điện 
260 # # |b Trường Cao đẳng Sư phạm Đồng Tháp  |c 1999  |a Đồng Tháp 
300 # # |c 30 cm.  |a 40 tr. 
500 # # |a ĐTTTS ghi: Trường Cao đẳng Sư phạm Đồng Tháp. Khoa Trung học 
650 |a Vật lý 
653 # # |a Bài tập 
653 # # |a Phân loại 
653 # # |a Phương pháp giảng dạy 
653 # # |a Tĩnh điện 
700 1 # |e hướng dẫn  |a Lương, Văn Tùng 
852 # # |b Kho đọc  |j KD.0011692 
852 # # |j KD.0011692 
910 # # |a Ntuyet  |d 10/10/2011 
980 # # |a Trung tâm Học liệu Lê Vũ Hùng, Trường Đại học Đồng Tháp